Champions d'Eredivisie - Statistiques

Statistiques générales
  • Ce quiz a été pris 146 fois
  • Le résultat moyen est 4 sur 7
Statistiques - réponses
# Dernier titre Club % Correct
36 2022 Ajax Amsterdam
100%
24 2018 PSV Eindhoven
97%
16 2023 Feyenoord Rotterdam
90%
2 2009 AZ Alkmaar
58%
1 2010 FC Twente
53%
1 1959 DOS Utrecht
44%
1 1964 DWS Amsterdam
8%
Aucun quiz correspondant
Distribution des résultats
% des personnes avec chaque résultat
Percentile par nombre de réponses
Votre historique - résultats
Vous n’avez pas pris ce quiz